000 00927nam a2200265Ia 4500
003 OSt
005 20220923230629.0
006 a|||||r|||| 00| 0
007 ta
008 220922b |||||||| |||| 00| 0 san d
020 _c900
024 _a285,412
037 _b830, 04/03/2015, Anshika Book International
_cTextual
040 _aARTS
_cARTS
_bsan
041 _2san
_asan
082 _aP15,25Ax1,1, 152Q2
100 _aपाठक, जमुना
245 0 _aतैत्तिरीयप्रातिशाख्यम्
246 _aTaittirīyaprātishākhyam
260 _aवाराणसी
_b चौखम्बा विद्याभवन
_c2012
300 _a586पृ0
_ccm.
650 _aहिन्दी भाषा
942 _hP15,25Ax1,1, 152Q2
_cTEXL
_2CC
999 _c386164
_d386164